000 01049nam0a22002651 4500
001 rc\895343
005 20250622033405.0
035 _a(NLR Aleph) 006071586
090 _a5007534
_c5007534
100 _a20041129d1983 |||y0rusy50 ca
101 0 _arus
102 _aRU
105 _aa |||||||||
200 1 _aТехнические пластмассы
210 _aМ.
_cНИИТЭХИМ
_d1983
215 _a47 с.
_cил.
_d20
225 1 _aСовременные проблемы химии и химической промышленности
_eОбзоры
_fМеждунар. система науч. и техн. информ. по химии и хим. пром-сти, Постоян. комис. СЭВ по сотрудничеству в обл. хим. пром-сти
_vВып. 14 (152)
300 _aНа обл. авт. не указан
320 _aБиблиогр.: с. 44-46
700 1 _aКовэр
_bК.
801 0 _aRU
_bNLR
_gpsbo
801 1 _aRU
_bELAR
_2rusmarc
852 _aNLR
_jП10/5013
942 _cBOOK
980 _aNB